00642cam a22001932a 4500001000900000003001100009008004300020020001800063100002200081245012300103250001100226260001300237260003300250260000900283300001600292440005400308500002700362650005900389 004569 AR-FADEU 311216n1991####xxu####################dd a968-16-3162-5 aBayón, Damián aAventura de Hispanoamérica : pintura, cinetismo, artes de la acción 1940-1972 : con una puesta al día hasta 1987 a2a. ed aMéxico bFondo de Cultura Económica c1991 a442 p. : il aBreviarios del fondo de cultura económica n233 aIncluye bibliografía aPINTURA-AMERICA LATINA; ARTES PLASTICAS-AMERICA LATINA